Statistics for European Countries by Their Phone Code

Click here to take the quiz!

General Stats

  • This quiz has been taken 28 times
  • The average score is 31 of 45

Answer Stats

CodeLetterAnswer% Correct
+43AAustria
95%
+33FFrance
95%
+39IItaly
95%
+32BBelgium
89%
+45DDenmark
89%
+30GGreece
89%
+36HHungary
89%
+40RRomania
89%
+7RRussia
89%
+44UUnited Kingdom
89%
+49GGermany
84%
+31NNetherlands
84%
+34SSpain
84%
+372EEstonia
79%
+354IIceland
79%
+353IIreland
79%
+48PPoland
79%
+358FFinland
74%
+371LLatvia
74%
+47NNorway
74%
+351PPortugal
74%
+46SSweden
74%
+370LLithuania
68%
+352LLuxembourg
68%
+41SSwitzerland
68%
+379VVatican City
63%
+355AAlbania
58%
+376AAndorra
58%
+375BBelarus
58%
+359BBulgaria
58%
+383KKosovo
58%
+381SSerbia
58%
+386SSlovenia
58%
+387BBosnia and Herzegovina
53%
+385CCroatia
53%
+356MMalta
53%
+373MMoldova
53%
+382MMontenegro
53%
+378SSan Marino
53%
+380UUkraine
53%
+389NNorth Macedonia
47%
+377MMonaco
42%
+423LLiechtenstein
37%
+421SSlovakia
37%
+420CCzech Republic
32%

Score Distribution

Percentile by Number Answered

Percent of People with Each Score

Your Score History

You have not taken this quiz